[Event "Stockerau-Open 2010 B-Turnier"]
[Site "Veranstaltungszentrum Z2000 -"]
[Date "2010.05.13"]
[Round "2"]
[White "Fink, Helmut"]
[Black "Stachl, Josef"]
[Result "1/2-1/2"]
[WhiteElo "1633"]
[BlackElo "1726"]
[PlyCount "35"]
[EventDate "2010.05.13"]

1. e4 c5 2. Nf3 d6 3. Nc3 Nf6 4. Bc4 e6 5. O-O Nc6 6. a3 Be7 7. d4 cxd4 8. Nxd4
O-O 9. Be3 a6 10. h3 Qc7 11. Ba2 Rd8 12. Qf3 Ne5 13. Qe2 b5 14. f4 Nc6 15. Nxc6
Qxc6 16. Bf2 Re8 17. Rad1 Bb7 18. Rfe1 1/2-1/2

[Event "Stockerau-Open 2010 B-Turnier"]
[Site "Veranstaltungszentrum Z2000 -"]
[Date "2010.05.13"]
[Round "2"]
[White "Muik, Josef Jun"]
[Black "Birg, Jovan"]
[Result "0-1"]
[WhiteElo "1855"]
[BlackElo "1940"]
[PlyCount "50"]
[EventDate "2010.05.13"]

1. e4 d5 2. exd5 Qxd5 3. Nf3 Nf6 4. Nc3 Qd6 5. d4 c6 6. Bc4 Bg4 7. Qd3 e6 8.
Be3 Nbd7 9. O-O-O Be7 10. h3 Bf5 11. Qd2 Nd5 12. g4 Bg6 13. h4 Nxc3 14. Qxc3
Be4 15. Be2 Qd5 16. Bc4 Qd6 17. Be2 b5 18. g5 O-O 19. Kb1 a5 20. Rh3 Qd5 21.
Bf4 Bb4 22. Qe3 Qf5 23. Rdh1 Nb6 24. Bd3 Bxd3 25. Qxd3 Qxf4 0-1

[Event "Stockerau-Open 2010 B-Turnier"]
[Site "Veranstaltungszentrum Z2000 -"]
[Date "2010.05.13"]
[Round "2"]
[White "Lehner, Erich"]
[Black "Mucha, Martin"]
[Result "1-0"]
[WhiteElo "1957"]
[BlackElo "1619"]
[PlyCount "130"]
[EventDate "2010.05.13"]

1. d4 d5 2. Nc3 Nf6 3. Bg5 e6 4. e4 Be7 5. Bxf6 Bxf6 6. e5 Bg5 7. Nh3 O-O 8.
Qh5 Be7 9. Bd3 g6 10. Qh6 Nc6 11. Ne2 Nb4 12. Nef4 Nxd3+ 13. Nxd3 f6 14. O-O
fxe5 15. Nxe5 Bf6 16. c3 Qe7 17. Rae1 Bd7 18. Nxd7 Qxd7 19. Nf4 Rae8 20. Qh3
Re7 21. Rxe6 Rxe6 22. Qxe6+ Qxe6 23. Nxe6 Rf7 24. Re1 Re7 25. Kf1 b6 26. g3 Kf7
27. Nd8+ Ke8 28. Rxe7+ Bxe7 29. Nc6 Kd7 30. Ne5+ Ke6 31. Ke2 g5 32. f4 gxf4 33.
gxf4 Bf6 34. Kf3 Kf5 35. Ng4 Bg7 36. Ne3+ Ke6 37. f5+ Kd6 38. Ng4 h5 39. Ne3 c5
40. b3 cxd4 41. cxd4 Bxd4 42. Ng2 Bf6 43. Nf4 h4 44. Ng6 Kc5 45. Kf4 Kd4 46. h3
Kc3 47. Ne5 d4 48. Ng4 Bd8 49. f6 d3 50. f7 Be7 51. Nf2 Kd4 52. Nd1 d2 53. Kf3
Bf8 54. Ke2 Ke4 55. Kxd2 Kf3 56. Ke1 Kg3 57. Nf2 b5 58. Kf1 b4 59. Ke2 Be7 60.
Kf1 Bf8 61. Ne4+ Kxh3 62. Ng5+ Kg3 63. Ne6 h3 64. Kg1 h2+ 65. Kh1 Kf2 1-0

[Event "Stockerau-Open 2010 B-Turnier"]
[Site "Veranstaltungszentrum Z2000 -"]
[Date "2010.05.13"]
[Round "2"]
[White "Pittner, Stefan"]
[Black "Infuehr, Heinrich"]
[Result "1-0"]
[WhiteElo "1619"]
[BlackElo "1761"]
[PlyCount "113"]
[EventDate "2010.05.13"]

1. b4 e5 2. Bb2 d6 3. e3 Nf6 4. c4 b6 5. Be2 Bb7 6. Nf3 Nbd7 7. O-O Be7 8. Nc3
a5 9. b5 Rc8 10. Qc2 c6 11. d4 exd4 12. Nxd4 cxb5 13. Ncxb5 O-O 14. Nf5 Be4 15.
Nxe7+ Qxe7 16. Qd2 Rc6 17. Rfd1 Ne8 18. Nc3 Bg6 19. Nd5 Qd8 20. Rac1 f6 21. Bf3
Rc8 22. Nf4 Bf7 23. Bd5 Bxd5 24. Qxd5+ Rf7 25. Rd3 Rc5 26. Qe6 Nf8 27. Qe4 Re7
28. Qf3 Rd7 29. Bd4 Rc8 30. Rb3 Rb8 31. Rcb1 Rdb7 32. Nd5 Nd7 33. Qe4 Nc5 34.
Bxc5 dxc5 35. Qe6+ Kh8 36. Rxb6 Rxb6 37. Rxb6 Nc7 38. Rxb8 Nxe6 39. Rxd8+ Nxd8
40. f3 Nc6 41. Kf2 Nb4 42. Nxb4 axb4 43. h4 h5 44. g4 hxg4 45. fxg4 Kg8 46. Kf3
Kf7 47. Ke4 Ke6 48. h5 Kd6 49. Kf5 Ke7 50. e4 Kf7 51. e5 Ke7 52. exf6+ gxf6 53.
h6 Kf7 54. h7 Kg7 55. h8=Q+ Kxh8 56. Kxf6 Kg8 57. Ke6 1-0

[Event "Stockerau-Open 2010 B-Turnier"]
[Site "Veranstaltungszentrum Z2000 -"]
[Date "2010.05.13"]
[Round "2"]
[White "Pasteiner, Gernot"]
[Black "Pantelic, Slobodan"]
[Result "0-1"]
[WhiteElo "1608"]
[BlackElo "1758"]
[PlyCount "118"]
[EventDate "2010.05.13"]

1. d4 Nf6 2. Nf3 d5 3. Bg5 e6 4. e3 Be7 5. Bd3 Nbd7 6. O-O c5 7. c3 h6 8. Bh4
a6 9. a4 b6 10. Nbd2 Bb7 11. Ne5 c4 12. Bc2 Nxe5 13. dxe5 Nd7 14. Bxe7 Qxe7 15.
Qg4 g6 16. Qg3 Qg5 17. Qxg5 hxg5 18. f4 gxf4 19. exf4 Ke7 20. Nf3 b5 21. Nd4
bxa4 22. Bxa4 Nc5 23. Bc2 a5 24. Ra3 Ra6 25. Rfa1 Rha8 26. Nb5 Rb6 27. Rxa5
Rxa5 28. Rxa5 Nd3 29. Bxd3 cxd3 30. Nd6 Ba6 31. b4 d2 32. Ra1 f6 33. Rd1 g5 34.
g3 gxf4 35. gxf4 d4 36. cxd4 Rxb4 37. Rxd2 fxe5 38. fxe5 Rb1+ 39. Kg2 Bf1+ 40.
Kf2 Bh3 41. Rd3 Rb2+ 42. Kg3 Bg2 43. h4 Bd5 44. Kf4 Rg2 45. Rg3 Rd2 46. Ke3 Rh2
47. Kf4 Rxh4+ 48. Ke3 Kf8 49. Rg1 Rh3+ 50. Kd2 Rf3 51. Ra1 Kg7 52. Ra7+ Kg6 53.
Ra8 Bxa8 54. Nc4 Kf5 55. Nd6+ Kf4 56. Ke2 Rb3 57. Nc4 Bd5 58. Nd6 Be4 59. Nxe4
Kxe4 0-1

[Event "Stockerau-Open 2010 B-Turnier"]
[Site "Veranstaltungszentrum Z2000 -"]
[Date "2010.05.13"]
[Round "2"]
[White "Paseka, Christian"]
[Black "Holzleithner, Johannes"]
[Result "0-1"]
[WhiteElo "1769"]
[BlackElo "1576"]
[PlyCount "112"]
[EventDate "2010.05.13"]

1. d4 d5 2. Nf3 Nf6 3. c4 c6 4. e3 Bf5 5. Nc3 e6 6. Nh4 Bg4 7. Qb3 Qb6 8. f3
Bh5 9. g4 Bg6 10. Nxg6 Qxb3 11. axb3 hxg6 12. c5 Be7 13. Bd2 Nbd7 14. b4 b5 15.
Be2 Bd8 16. Ra6 Nb8 17. Ra1 Bc7 18. f4 Ke7 19. Kf2 Rh4 20. h3 a5 21. Bf3 Na6
22. g5 Nd7 23. Na2 Rb8 24. Bg2 f6 25. gxf6+ gxf6 26. bxa5 g5 27. Kf3 gxf4 28.
exf4 f5 29. b4 Nf6 30. Nc1 Ne4 31. Be3 Rg8 32. Nd3 Rg3+ 33. Ke2 Rxg2+ 34. Kf1
Rg3 35. Rg1 Rxg1+ 36. Kxg1 Rxh3 37. Re1 Kd7 38. Kg2 Rg3+ 39. Kf1 Bd8 40. Ne5+
Kc7 41. Ke2 Rg2+ 42. Kf3 Rg3+ 43. Ke2 Nxb4 44. Rh1 Bf6 45. Rh7+ Rg7 46. Rh6
Bxe5 47. fxe5 Re7 48. Rh8 Kb7 49. Bh6 Na6 50. Bf8 Rf7 51. Bd6 b4 52. Re8 f4 53.
Rxe6 f3+ 54. Kf1 f2 55. Rf6 Nxf6 56. exf6 Rxf6 0-1

[Event "Stockerau-Open 2010 B-Turnier"]
[Site "Veranstaltungszentrum Z2000 -"]
[Date "2010.05.13"]
[Round "2"]
[White "Schwab, Lukas"]
[Black "Tollerian, Karlheinz"]
[Result "0-1"]
[WhiteElo "1508"]
[BlackElo "1634"]
[PlyCount "102"]
[EventDate "2010.05.13"]

1. e4 c5 2. Nf3 a6 3. d4 cxd4 4. Nxd4 e6 5. Nc3 d6 6. Be3 Nf6 7. f3 Be7 8. Qd2
O-O 9. O-O-O Qc7 10. h4 h6 11. g4 Nh7 12. g5 h5 13. Bd3 g6 14. f4 Nc6 15. Rdf1
b5 16. f5 Ne5 17. Be2 Nc4 18. Bxc4 Qxc4 19. Qe2 Qc7 20. Qd1 Bd7 21. f6 Bd8 22.
Nde2 b4 23. Nb1 e5 24. Ng3 Bg4 25. Qd5 Rc8 26. Qd3 a5 27. c3 bxc3 28. Nxc3 Qb8
29. Kb1 Re8 30. Nb5 Bb6 31. Nc3 Bxe3 32. Qxe3 Nf8 33. Nd5 Rc5 34. Rc1 Ne6 35.
Ne2 Rb5 36. b3 Nc5 37. Rc3 Kh7 38. Nc1 Nxe4 39. Rd3 Nc5 40. Rd2 Qb7 41. Rhh2
Bf5+ 42. Ka1 Ne4 43. Nc3 Nxc3 44. Qxc3 Rc5 45. Qb2 Rec8 46. Rd1 Qe4 47. Rhd2
Qe3 48. Rh1 Rc2 49. Rxc2 Rxc2 50. Qb1 Qc3+ 51. Qb2 Qxb2# 0-1

[Event "Stockerau-Open 2010 B-Turnier"]
[Site "Veranstaltungszentrum Z2000 -"]
[Date "2010.05.14"]
[Round "3"]
[White "Ruck, Helmut"]
[Black "Wantscher, Juergen"]
[Result "0-1"]
[WhiteElo "1750"]
[BlackElo "1796"]
[PlyCount "91"]
[EventDate "2010.05.13"]

1. d4 Nf6 2. Nf3 d5 3. e3 e6 4. Bd3 Nbd7 5. b3 c5 6. Bb2 Bd6 7. Nbd2 Qc7 8. c4
O-O 9. O-O b6 10. Re1 Bb7 11. Rc1 h6 12. Qc2 Ng4 13. h3 Nxf2 14. Kxf2 Bg3+ 15.
Kg1 Bxe1 16. Rxe1 dxc4 17. bxc4 Rac8 18. Be4 Bxe4 19. Qxe4 Rce8 20. Qf4 Qxf4
21. exf4 Rd8 22. Kf2 cxd4 23. Bxd4 Nc5 24. Bxc5 bxc5 25. Ne4 Rb8 26. Re2 Rb4
27. Rc2 Rfb8 28. Nxc5 Rb2 29. Rxb2 Rxb2+ 30. Kg3 Rxa2 31. Ne5 Rc2 32. Na6 f6
33. Nc6 Rxc4 34. Nab4 a5 35. Nxa5 Rxb4 36. Nc6 Rb3+ 37. Kf2 Kf7 38. g4 Rxh3 39.
Nd4 Rd3 40. Nf3 Rxf3+ 41. Kxf3 f5 42. Kg3 Kf6 43. Kh4 g5+ 44. Kg3 gxf4+ 45.
Kxf4 fxg4 46. Kxg4 0-1

[Event "Stockerau-Open 2010 B-Turnier"]
[Site "Veranstaltungszentrum Z2000 -"]
[Date "2010.05.14"]
[Round "3"]
[White "Grand, Michael"]
[Black "Molnar, Kristof"]
[Result "0-1"]
[WhiteElo "1783"]
[BlackElo "1760"]
[PlyCount "74"]
[EventDate "2010.05.13"]

1. d4 Nf6 2. Nf3 e6 3. c4 c5 4. Nc3 a6 5. Bg5 cxd4 6. Nxd4 Be7 7. e3 O-O 8. Bd3
d6 9. O-O Nbd7 10. Qc2 h6 11. Bh4 Ne5 12. Rad1 Qc7 13. b3 Nxd3 14. Qxd3 b6 15.
Nc2 Bb7 16. Bxf6 gxf6 17. Nd4 Kh8 18. Ne4 f5 19. Ng3 Rg8 20. Rd2 h5 21. f4 h4
22. Nh1 Rg7 23. Rff2 Rag8 24. Nf3 Qd8 25. Rde2 Rxg2+ 26. Rxg2 Bxf3 27. Ref2
Bxg2 28. Rxg2 Rxg2+ 29. Kxg2 Qa8+ 30. Kg1 Qf3 31. Qd2 d5 32. cxd5 Bc5 33. Qb2+
Kh7 34. Nf2 Bxe3 35. d6 h3 36. Kf1 Qg2+ 37. Ke1 Qg1+ 0-1

[Event "Stockerau-Open 2010 B-Turnier"]
[Site "Veranstaltungszentrum Z2000 -"]
[Date "2010.05.14"]
[Round "3"]
[White "Gockner, Martin"]
[Black "Kuehnert, Wolfgang"]
[Result "1-0"]
[WhiteElo "1994"]
[BlackElo "1681"]
[PlyCount "61"]
[EventDate "2010.05.13"]

1. e4 c6 2. d4 d5 3. Nd2 dxe4 4. Nxe4 Bf5 5. Ng3 Bg6 6. h4 h6 7. h5 Bh7 8. Nf3
e6 9. Bd3 Bxd3 10. Qxd3 Nf6 11. Bd2 Qc7 12. O-O-O Nbd7 13. Rde1 Bd6 14. Nf5
O-O-O 15. Nxd6+ Qxd6 16. Rh4 Nb6 17. Ne5 Qe7 18. Qb3 Nfd7 19. Nf3 Kb8 20. a4 c5
21. a5 Nd5 22. Qxd5 cxd4 23. Rxd4 Nf6 24. Qe5+ Ka8 25. Bb4 Qe8 26. Rxd8+ Qxd8
27. Rd1 Qc8 28. Nd4 Qc4 29. Bc3 Rc8 30. Nb5 Nd5 31. Nd6 1-0

[Event "Stockerau-Open 2010 B-Turnier"]
[Site "Veranstaltungszentrum Z2000 -"]
[Date "2010.05.14"]
[Round "3"]
[White "Seidler, Dieter"]
[Black "Kunschek, Horst"]
[Result "1-0"]
[WhiteElo "1894"]
[BlackElo "1974"]
[PlyCount "101"]
[EventDate "2010.05.13"]

1. d4 d5 2. Nf3 Nc6 3. c4 Bg4 4. e3 Nf6 5. Nc3 e6 6. cxd5 exd5 7. a3 a6 8. Bd3
Be7 9. Bd2 h6 10. h3 Be6 11. O-O O-O 12. Rc1 Bd6 13. Na4 Ne4 14. b4 Qf6 15. Be1
Rae8 16. Nc5 Bc8 17. b5 axb5 18. Bxb5 Bxc5 19. dxc5 Rd8 20. Nd4 Nxd4 21. exd4
c6 22. Ba4 Ng5 23. Rc3 Ne6 24. Rd3 Ng5 25. Bd2 Ne4 26. Be3 Rfe8 27. Re1 Bf5 28.
Rb3 Ra8 29. Rb4 Qg6 30. Kh2 Nc3 31. Qb3 Nxa4 32. Rxa4 Bc2 33. Rxa8 Rxa8 34.
Qxb7 Rxa3 35. Bc1 Rb3 36. Re8+ Kh7 37. Qc8 Qf5 38. Rh8+ Kg6 39. Qxc6+ Qe6 40.
Qxe6+ fxe6 41. Bf4 Rc3 42. Be5 Kf7 43. Rc8 g6 44. c6 Ba4 45. c7 Bd7 46. Rh8 h5
47. Rh7+ Ke8 48. Rg7 Rc2 49. f4 Bc8 50. Rg8+ Kd7 51. Rd8+ 1-0

[Event "Stockerau-Open 2010 B-Turnier"]
[Site "Veranstaltungszentrum Z2000 -"]
[Date "2010.05.14"]
[Round "3"]
[White "Reichert, Wolfram"]
[Black "Mursteiner, Gerhard"]
[Result "1-0"]
[WhiteElo "1836"]
[BlackElo "1711"]
[PlyCount "63"]
[EventDate "2010.05.13"]

1. d4 f5 2. e4 fxe4 3. Nc3 g6 4. Nxe4 d6 5. Nf3 Bg7 6. Bd3 Nc6 7. c3 e5 8. dxe5
Nxe5 9. Nxe5 Bxe5 10. Ng5 Qf6 11. O-O h6 12. f4 hxg5 13. fxe5 Qe6 14. Bxg5 d5
15. Qf3 Ne7 16. Bxe7 Kxe7 17. Qf6+ Qxf6 18. exf6+ Kf7 19. Rae1 Bf5 20. Bxf5
gxf5 21. Rxf5 c6 22. g4 Rh4 23. Rf4 Rah8 24. Re7+ Kf8 25. Rxb7 Rxh2 26. Rb8+
Kf7 27. Rb7+ Ke6 28. f7 Rh1+ 29. Kf2 R1h2+ 30. Ke3 R2h3+ 31. Kd4 Rc8 32. b4 1-0

[Event "Stockerau-Open 2010 B-Turnier"]
[Site "Veranstaltungszentrum Z2000 -"]
[Date "2010.05.14"]
[Round "3"]
[White "Birg, Jovan"]
[Black "Hoedl, Robert"]
[Result "1/2-1/2"]
[WhiteElo "1940"]
[BlackElo "1639"]
[PlyCount "66"]
[EventDate "2010.05.13"]

1. e4 e6 2. d4 d5 3. Nc3 Bb4 4. Bd3 dxe4 5. Bxe4 Nf6 6. Bd3 Nc6 7. Nf3 O-O 8.
O-O Ne7 9. Ne4 Nxe4 10. Bxe4 Ng6 11. c3 Be7 12. Qc2 c6 13. Re1 Qc7 14. Be3 b6
15. g3 Bb7 16. Ne5 Bd6 17. f4 Bxe5 18. fxe5 Rac8 19. Re2 c5 20. Rf1 Bxe4 21.
Qxe4 cxd4 22. Bxd4 Ne7 23. Rf4 Qc6 24. Qc2 Nf5 25. Bf2 Rcd8 26. g4 Ne7 27. Rfe4
Rd7 28. Bd4 Ng6 29. Qd3 Qc7 30. Qg3 Qd8 31. g5 Ne7 32. h4 Nf5 33. Qg4 g6
1/2-1/2

[Event "Stockerau-Open 2010 B-Turnier"]
[Site "Veranstaltungszentrum Z2000 -"]
[Date "2010.05.14"]
[Round "3"]
[White "Mischek, Gerhard"]
[Black "Tollerian, Karlheinz"]
[Result "1-0"]
[WhiteElo "1864"]
[BlackElo "1634"]
[PlyCount "111"]
[EventDate "2010.05.13"]

1. e4 c5 2. Nf3 a6 3. a4 d6 4. Bc4 e6 5. Nc3 Nc6 6. d3 Nf6 7. O-O Be7 8. Re1
Qc7 9. h3 O-O 10. Bf4 Nd7 11. Ng5 Nf6 12. Bh2 h6 13. Nf3 Nd7 14. Ba2 Bf6 15.
Qd2 Nd4 16. Nxd4 Bxd4 17. Kh1 Nf6 18. Rab1 Nh7 19. f4 Bd7 20. Ne2 Bf2 21. Rf1
Bh4 22. Bb3 b5 23. axb5 axb5 24. c4 Qb6 25. Ng1 Be7 26. Nf3 Bc6 27. Bg1 Qc7 28.
Rbe1 Rae8 29. Qe3 b4 30. d4 Ba8 31. d5 e5 32. Bh2 f6 33. Ra1 Rb8 34. Ra4 Bb7
35. g4 Ra8 36. h4 Rxa4 37. Bxa4 Bc8 38. Rg1 Kh8 39. f5 Qd8 40. Ra1 Qa5 41. Qc1
Qc7 42. Ra2 Bd7 43. Bxd7 Qxd7 44. Qa1 Rc8 45. Ra6 Nf8 46. Bg3 Kh7 47. Nd2 Bd8
48. Kg2 Rc7 49. Nb3 Rc8 50. Be1 Qb7 51. Rxd6 Ra8 52. Qb1 Nd7 53. Bf2 Bb6 54.
Rc6 Nb8 55. Re6 Qc7 56. g5 1-0

[Event "Stockerau-Open 2010 B-Turnier"]
[Site "Veranstaltungszentrum Z2000 -"]
[Date "2010.05.14"]
[Round "3"]
[White "Scharf, Leopold"]
[Black "Wetzenkircher, Markus"]
[Result "1-0"]
[WhiteElo "1628"]
[BlackElo "1614"]
[PlyCount "63"]
[EventDate "2010.05.13"]

1. e4 c5 2. Nc3 d6 3. Nf3 Nc6 4. d4 cxd4 5. Nxd4 e5 6. Nf5 g6 7. Ne3 a6 8. a3
Bg7 9. Bc4 b5 10. Nxb5 axb5 11. Bxf7+ Kxf7 12. Qd5+ Be6 13. Qxc6 Qb8 14. Nd5
Nf6 15. Nc7 Rc8 16. Qxa8 Qxc7 17. Qa6 Qxc2 18. O-O Nxe4 19. Be3 Qc6 20. Qxc6
Rxc6 21. f3 Nf6 22. Rfc1 Rxc1+ 23. Rxc1 Bc4 24. a4 d5 25. b3 Bxb3 26. axb5 Bf8
27. b6 d4 28. Rc7+ Ke6 29. b7 Bd6 30. b8=Q Bd1 31. Rc6 dxe3 32. Qxd6+ 1-0

[Event "Stockerau-Open 2010 B-Turnier"]
[Site "Veranstaltungszentrum Z2000 -"]
[Date "2010.05.14"]
[Round "3"]
[White "Rusek, Walter"]
[Black "Pittner, Stefan"]
[Result "0-1"]
[WhiteElo "1849"]
[BlackElo "1619"]
[PlyCount "52"]
[EventDate "2010.05.13"]

1. d4 b5 2. Bd2 Bb7 3. a4 a6 4. e3 e6 5. Nf3 b4 6. c3 a5 7. cxb4 axb4 8. g3 Nf6
9. Bg2 Be7 10. O-O O-O 11. Qb3 Bd5 12. Qd1 c5 13. dxc5 Bxc5 14. Ne5 Na6 15.
Bxd5 Nxd5 16. Qe2 Be7 17. e4 Nf6 18. Rd1 Qb8 19. Bg5 Qxe5 20. f4 Qc7 21. Kh1 h6
22. Bh4 Nc5 23. Nd2 d5 24. Rac1 Nfxe4 25. Nxe4 dxe4 26. Qb5 Rfb8 0-1

[Event "Stockerau-Open 2010 B-Turnier"]
[Site "Veranstaltungszentrum Z2000 -"]
[Date "2010.05.14"]
[Round "3"]
[White "Holzleithner, Johannes"]
[Black "Lehner, Erich"]
[Result "0-1"]
[WhiteElo "1576"]
[BlackElo "1957"]
[PlyCount "82"]
[EventDate "2010.05.13"]

1. e4 e6 2. d4 d5 3. Nd2 dxe4 4. Nxe4 Nf6 5. Bg5 Be7 6. Bxf6 Bxf6 7. Nxf6+ Qxf6
8. Nf3 O-O 9. Bd3 Nc6 10. Qd2 g6 11. O-O-O Nxd4 12. Bxg6 Nxf3 13. Bxh7+ Kxh7
14. Qd3+ Qf5 15. gxf3 Qxd3 16. Rxd3 e5 17. Re3 Kg7 18. Rxe5 Kf6 19. f4 Be6 20.
h4 Rg8 21. h5 Rg4 22. Rc5 c6 23. Ra5 Bd5 24. Rh3 Rxf4 25. h6 Rxf2 26. h7 Kg7
27. Rxa7 Rh8 28. Rxb7 Rxh7 29. Rxh7+ Kxh7 30. a4 Kg6 31. a5 f5 32. a6 Rf1+ 33.
Kd2 Ra1 34. Rb6 Kg5 35. b3 f4 36. c4 Be4 37. b4 Ra2+ 38. Kc3 f3 39. Rb8 f2 40.
Rg8+ Kf4 41. Rf8+ Bf5 0-1

[Event "Stockerau-Open 2010 B-Turnier"]
[Site "Veranstaltungszentrum Z2000 -"]
[Date "2010.05.14"]
[Round "3"]
[White "Kersten, Julian"]
[Black "Fink, Helmut"]
[Result "1-0"]
[WhiteElo "1993"]
[BlackElo "1633"]
[PlyCount "107"]
[EventDate "2010.05.13"]

1. e4 e5 2. Nf3 d6 3. Bc4 Be7 4. c3 Nf6 5. d3 O-O 6. h3 a5 7. O-O c6 8. a4 Nbd7
9. Re1 Nc5 10. Nbd2 Be6 11. Bxe6 Nxe6 12. d4 exd4 13. cxd4 Nf4 14. Nf1 Ng6 15.
Ng3 Re8 16. Qb3 Rb8 17. Ng5 d5 18. e5 Nd7 19. e6 fxe6 20. Nxe6 Qb6 21. Qd3 Bf6
22. Bd2 Ndf8 23. Nc5 Qc7 24. Nh5 Be7 25. f4 Qc8 26. f5 Nh4 27. Bf4 Ra8 28. Ne6
Nxe6 29. Rxe6 Bb4 30. Nxg7 Re7 31. Rxe7 Bxe7 32. Ne6 Kf7 33. Bg5 Qg8 34. Bxh4
Bxh4 35. Kh2 Re8 36. g3 Bd8 37. Nxd8+ Rxd8 38. Re1 Re8 39. Re5 Kf6 40. Qe3 Kf7
41. Rxe8 Qxe8 42. Qxe8+ Kxe8 43. Kg2 b6 44. Kf3 c5 45. Ke3 h6 46. g4 Kf7 47. h4
Kf6 48. Kf4 cxd4 49. g5+ Kg7 50. gxh6+ Kxh6 51. Kf3 Kg7 52. Ke2 Kf6 53. Kd3
Kxf5 54. Kxd4 1-0

[Event "Stockerau-Open 2010 B-Turnier"]
[Site "Veranstaltungszentrum Z2000 -"]
[Date "2010.05.14"]
[Round "3"]
[White "Stachl, Josef"]
[Black "Baronbeck, Johann"]
[Result "1-0"]
[WhiteElo "1726"]
[BlackElo "1606"]
[PlyCount "71"]
[EventDate "2010.05.13"]

1. d4 e5 2. dxe5 Qe7 3. Nf3 Nc6 4. Qd5 f6 5. exf6 Nxf6 6. Qd1 d5 7. h3 Bf5 8.
c3 O-O-O 9. e3 Qd7 10. Bb5 Bd6 11. Nd4 Bc5 12. Nxc6 bxc6 13. Ba6+ Kb8 14. Nd2
d4 15. cxd4 Bxd4 16. exd4 Rhe8+ 17. Kf1 Qxd4 18. Qb3+ Qb6 19. Qxb6+ cxb6 20.
Kg1 b5 21. a4 Bd3 22. Nf3 Nd5 23. axb5 cxb5 24. Bg5 Rd6 25. Kh2 Rb6 26. Rhc1
Bc4 27. Be3 Nxe3 28. b3 Bxb3 29. fxe3 Bc4 30. Rd1 Kc7 31. Nd4 Rxe3 32. Rdc1 Kd7
33. Bxb5+ Bxb5 34. Rxa7+ Kd8 35. Rb1 Rxh3+ 36. gxh3 1-0

[Event "Stockerau-Open 2010 B-Turnier"]
[Site "Veranstaltungszentrum Z2000 -"]
[Date "2010.05.14"]
[Round "3"]
[White "Pantelic, Slobodan"]
[Black "Hansi, Othmar"]
[Result "0-1"]
[WhiteElo "1758"]
[BlackElo "1660"]
[PlyCount "128"]
[EventDate "2010.05.13"]

1. Nf3 Nf6 2. d4 e6 3. Bf4 d5 4. e3 Nbd7 5. Ne5 Nxe5 6. dxe5 Nd7 7. Nd2 h5 8.
Be2 g5 9. Bxh5 gxf4 10. exf4 Qh4 11. Bg4 f5 12. exf6 Nxf6 13. Bf3 Qxf4 14. Qe2
Rxh2 15. g3 Rxh1+ 16. Bxh1 Qh6 17. O-O-O c6 18. Kb1 Qh5 19. Bf3 Qg6 20. Rh1 Bd7
21. Qe5 Bg7 22. Qd6 Rd8 23. Qc7 Bc8 24. Qf4 Kd7 25. g4 Rf8 26. Qb4 Rh8 27. Re1
Rh2 28. Qc5 Qg5 29. Nf1 Rh3 30. Bg2 Rh4 31. f3 a6 32. Qf2 Rh6 33. Qg3 Qh4 34.
g5 Qxg3 35. Nxg3 Rh2 36. gxf6 Bxf6 37. Re2 Kd6 38. Nf1 Rh4 39. c3 e5 40. Ng3
Bh3 41. Kc2 Bxg2 42. Rxg2 Rf4 43. Nh5 Rxf3 44. Nxf6 Rxf6 45. Rg7 b6 46. a4 c5
47. Rb7 Kc6 48. Re7 e4 49. Re8 Kd7 50. Re5 Kd6 51. Re8 Re6 52. Rb8 Kc7 53. Ra8
a5 54. Kd2 e3+ 55. Ke2 d4 56. cxd4 cxd4 57. Rh8 Kc6 58. Rh1 Kd5 59. Kd3 Rf6 60.
Rh5+ Kd6 61. Kxd4 e2 62. Rd5+ Ke7 63. Re5+ Re6 64. Rxe2 Rxe2 0-1

[Event "Stockerau-Open 2010 B-Turnier"]
[Site "Veranstaltungszentrum Z2000 -"]
[Date "2010.05.14"]
[Round "3"]
[White "Strass, Stephan"]
[Black "Paseka, Christian"]
[Result "0-1"]
[WhiteElo "1422"]
[BlackElo "1769"]
[PlyCount "50"]
[EventDate "2010.05.13"]

1. e4 c5 2. Nf3 d6 3. d4 cxd4 4. Nxd4 Nf6 5. Nc3 Nc6 6. Bc4 e6 7. O-O a6 8. Bg5
Be7 9. Re1 Qc7 10. Qd2 h6 11. Bxf6 Bxf6 12. Nf3 Na5 13. Bd3 b5 14. a3 Bb7 15.
Rab1 O-O 16. Ne2 Rac8 17. Ng3 Nc4 18. Bxc4 bxc4 19. Nh5 Bxb2 20. c3 Bxa3 21.
Nf6+ Kh8 22. Ng4 f5 23. Nxh6 Rf6 24. exf5 Rxh6 25. fxe6 Bxf3 0-1

[Event "Stockerau-Open 2010 B-Turnier"]
[Site "Veranstaltungszentrum Z2000 -"]
[Date "2010.05.14"]
[Round "3"]
[White "Infuehr, Heinrich"]
[Black "Pasteiner, Gernot"]
[Result "1-0"]
[WhiteElo "1761"]
[BlackElo "1608"]
[PlyCount "95"]
[EventDate "2010.05.13"]

1. d4 Nf6 2. c4 e6 3. Nc3 b6 4. Nf3 Be7 5. e4 Bb7 6. Bd3 d6 7. O-O O-O 8. Re1
c5 9. d5 e5 10. Qd2 Nh5 11. Ne2 Bc8 12. h3 Bd7 13. Nh2 Na6 14. a3 Rb8 15. f4
exf4 16. Nxf4 Bg5 17. Qf2 Bh4 18. Qe2 Nxf4 19. Bxf4 Bxe1 20. Rxe1 Qf6 21. Rf1
Rbe8 22. Bg3 Qe7 23. Nf3 f6 24. Qc2 g6 25. Re1 Qg7 26. Bxd6 Rf7 27. b4 Qh6 28.
Kh2 g5 29. Qd2 Qh5 30. Re3 g4 31. Ng1 gxh3 32. Nxh3 Rg7 33. Be2 Qh4 34. Bg3 Qh6
35. Bf4 Qg6 36. Bf3 Bxh3 37. Kxh3 Kh8 38. g3 Nb8 39. Qe2 h5 40. Bxh5 Qxh5+ 41.
Qxh5+ Rh7 42. Bh6 Re5 43. Qh4 Rg5 44. Kg2 Rg6 45. Qf4 Nd7 46. e5 Rhxh6 47. e6
Ne5 48. e7 1-0

[Event "Stockerau-Open 2010 B-Turnier"]
[Site "Veranstaltungszentrum Z2000 -"]
[Date "2010.05.14"]
[Round "3"]
[White "Mucha, Martin"]
[Black "Prochaska, Johann"]
[Result "1/2-1/2"]
[WhiteElo "1619"]
[BlackElo "1636"]
[PlyCount "34"]
[EventDate "2010.05.13"]

1. e4 e6 2. d4 d5 3. Nc3 Bb4 4. exd5 exd5 5. Bd3 c6 6. Nge2 Nf6 7. O-O O-O 8.
h3 Bd6 9. Bf4 Qc7 10. Qd2 Nh5 11. Bxd6 Qxd6 12. Qg5 Nf6 13. Rfe1 h6 14. Qh4
Nbd7 15. Ng3 Nb6 16. Re3 Be6 17. Bf5 Rae8 1/2-1/2

[Event "Stockerau-Open 2010 B-Turnier"]
[Site "Veranstaltungszentrum Z2000 -"]
[Date "2010.05.14"]
[Round "3"]
[White "Schwab, Lukas"]
[Black "Muik, Josef Jun"]
[Result "1/2-1/2"]
[WhiteElo "1508"]
[BlackElo "1855"]
[PlyCount "35"]
[EventDate "2010.05.13"]

1. e4 Nf6 2. e5 Nd5 3. d4 d6 4. c4 Nb6 5. exd6 cxd6 6. Nc3 g6 7. Nf3 Bg7 8. Be3
O-O 9. Be2 Nc6 10. O-O Bg4 11. b3 Re8 12. Rc1 Rc8 13. Qd2 a6 14. Rfd1 Nd7 15.
h3 Bxf3 16. Bxf3 Nf6 17. Ne4 Nd7 18. Nc3 1/2-1/2

[Event "Stockerau-Open 2010 B-Turnier"]
[Site "Veranstaltungszentrum Z2000 -"]
[Date "2010.05.15"]
[Round "4"]
[White "Wantscher, Juergen"]
[Black "Molnar, Kristof"]
[Result "1/2-1/2"]
[WhiteElo "1796"]
[BlackElo "1760"]
[PlyCount "55"]
[EventDate "2010.05.13"]

1. c4 e5 2. Nc3 Nc6 3. Nf3 g6 4. g3 Bg7 5. Bg2 d6 6. O-O Be6 7. d3 b6 8. Rb1
Qd7 9. b4 Bh3 10. Nd5 Bxg2 11. Kxg2 h5 12. h4 Nge7 13. Nxe7 Nxe7 14. Qc2 O-O
15. e3 f5 16. d4 f4 17. exf4 exf4 18. Qe4 d5 19. cxd5 fxg3 20. fxg3 Qxd5 21.
Qxe7 Rae8 22. Qg5 Re2+ 23. Kh1 Qxa2 24. Bf4 Kh7 25. g4 Rg2 26. Ra1 Qc2 27. Rac1
Qe2 28. Rce1 1/2-1/2

[Event "Stockerau-Open 2010 B-Turnier"]
[Site "Veranstaltungszentrum Z2000 -"]
[Date "2010.05.15"]
[Round "4"]
[White "Reichert, Wolfram"]
[Black "Seidler, Dieter"]
[Result "1-0"]
[WhiteElo "1836"]
[BlackElo "1894"]
[PlyCount "79"]
[EventDate "2010.05.13"]

1. d4 e6 2. c4 Nf6 3. Nf3 d5 4. Nc3 c6 5. cxd5 exd5 6. Bg5 Bd6 7. Rc1 Nbd7 8.
e3 Qa5 9. a3 Ne4 10. Bd3 Nxc3 11. Qd2 h6 12. Bh4 O-O 13. Qxc3 Qxc3+ 14. Rxc3 a6
15. O-O g5 16. Bg3 Bxg3 17. hxg3 Nb6 18. Rfc1 Be6 19. Rb3 Nc4 20. Rxb7 Rfb8 21.
Rxb8+ Rxb8 22. Bxc4 dxc4 23. Rc2 f6 24. Nd2 Bf5 25. e4 Bg6 26. g4 h5 27. gxh5
Bxh5 28. Nxc4 Rd8 29. Rd2 Bf7 30. Na5 Be8 31. b4 Kg7 32. Nb3 Bf7 33. Nc5 Ra8
34. a4 Rb8 35. Nxa6 Rb6 36. Nc5 Rxb4 37. d5 cxd5 38. exd5 Be8 39. d6 Bxa4 40.
Nxa4 1-0